Städte und Gemeinden im Landkreis Sächsiche Schweiz/Osterzgebirge - Statistiken

Allgemein
  • Dieses Quiz wurde 23 mal gespielt
  • Das Durchschnittsergebnis liegt bei 16 aus 36
Antwortstatistiken
% Korrekt
Pirna
100%
Bad Schandau
95%
Königstein
81%
Heidenau
71%
Sebnitz
71%
Altenberg
67%
Bannewitz
57%
Freital
57%
Rathen
57%
Stolpen
57%
Bahretal
52%
Dohna
52%
Liebstadt
52%
Neustadt in Sachsen
52%
Struppen
52%
Bad Gottleuba-Berggießhübel
48%
Dippoldiswalde
48%
Dohma
48%
Lohmen
48%
Rosenthal-Bielatal
48%
Stadt Wehlen
48%
Glashütte
38%
Hermsdorf/Erzgebirge
38%
Hohnstein
38%
Dürrröhrsdorf-Dittersbach
33%
Wilsdruff
33%
Rathmannsdorf
29%
Gohrisch
24%
Klingenberg
24%
Kreischa
24%
Tharandt
24%
Müglitztal
19%
Rabenau
19%
Dorfhain
14%
Hartmannsdorf-Reichenau
14%
Reinhardtsdorf-Schöna
14%
Keine übereinstimmenden Quizze gefunden
Verteilung der Resultate
Anzahl Personen mit jedem Resultat
Perzentil nach korrekt beantworteten Fragen
Ihre Resultats-Entwicklung
Sie haben dieses Quiz noch nicht gespielt